Statistics for Countries by most common given names

Click here to take the quiz!

General Stats

  • This quiz has been taken 176 times
  • The average score is 8 of 15

Answer Stats

Hint Answer % Correct
Wei, JingChina
96%
Hiroto, YuinaJapan
93%
Min-joon, Seo-yeonSouth Korea
93%
Oliver, AmeliaEngland (UK)
81%
Georgios, MariaGreece
68%
Chia-hao, Shu-fenTaiwan
62%
Liam, OliviaCanada
59%
Amir-Ali, FatemehIran
56%
Miguel, SophiaBrazil
53%
Naranbaatar, OdvalMongolia
47%
Lucas, EmmaBelgium
14%
Aron, KatriínIceland
14%
Jayden, GabrielleJamaica
10%
Mohammed, AyaLibya
8%
Manuel, María del CarmenEquatorial Guinea
2%

Score Distribution

Percentile by Number Answered

Percent of People with Each Score

Your Score History

You have not taken this quiz